Top 15 Countries with Covid-19 Cases - 8 December 2021 - Statistics

General Stats
  • This quiz has been taken 44 times
  • The average score is 14 of 28
Answer Stats
country % Correct
United States
98%
United Kingdom
88%
Germany
86%
Brazil
81%
France
81%
India
81%
Italy
81%
Mexico
76%
Russia
76%
Argentina
71%
Spain
71%
Turkey
60%
Netherlands
52%
Belgium
50%
Colombia
45%
Indonesia
45%
Iran
40%
Czechia
29%
Slovakia
21%
Serbia
19%
Croatia
17%
Estonia
17%
Israel
17%
Slovenia
17%
Latvia
12%
Lithuania
12%
Georgia
5%
Bahrain
2%
No matching quizzes found
Score Distribution
Percent of People with Each Score
Percentile by Number Answered
Your Score History
You have not taken this quiz